| 000 | 00829cam a2200265 4500 | ||
|---|---|---|---|
| 001 | E10493 | ||
| 008 | 000000n2002 000 0 eng u | ||
| 022 | _a0964-4575 | ||
| 035 | _a(Sirsi) u116557 | ||
| 041 | _aeng | ||
| 050 |
_a692.80212 _c18 |
||
| 110 |
_aUnited Kingdom _bDepartment of Trade and Industry |
||
| 245 | _aPrice adjustment formulae for construction contracts : monthly bulletin of indices. - Jan - Dec 2002 | ||
| 260 |
_aLondon _bStationery Office _c2002 |
||
| 300 | _a12pt. ; 30cm. | ||
| 350 | _a110.00 | ||
| 650 | _aBAXTER INDICES | ||
| 650 | _aBUILT ENVIRONMENT-BUILDING CONTRACT FORMS | ||
| 650 | _aNEDO INDICES | ||
| 650 | _aOSBORNE INDICES | ||
| 650 | _aPRICE ADJUSTMENT FORMULAE | ||
| 650 | _aPROPERTY SERVICES AGENCY | ||
| 690 | _aBUILT ENVIRONMENT-BUILDING CONTRACT FORMS | ||
| 942 | _n0 | ||
| 999 |
_c101878 _d101878 |
||